Mezi nikdy a navždy /
Uloženo v:
| Série: | Hardy Billionaire Brothers,
část 3 |
|---|---|
| Hlavní autor: | |
| Další autoři: | |
| Médium: | Kniha |
| Jazyk: | Czech |
| Vydáno: |
Praha :
Baronet,
2026
|
| Vydání: | 1. vydání |
| Témata: | |
| Celkem bylo vypůjčeno: | 0x |
| Příbuzné jednotky: | Z cyklu::
Hardy Billionaire Brothers |
| Tagy: |
Žádné tagy |
| LEADER | 01641nam a2200445 i 4500 | ||
|---|---|---|---|
| 001 | 106492 | ||
| 003 | CZ PrNK | ||
| 005 | 20260604161912.0 | ||
| 007 | ta | ||
| 008 | 260519s2026 xr e 000 f cze | ||
| 015 | |a cnb003758628 | ||
| 020 | |a 9788026929048 |q (brožováno) : |c Kč 449,00 | ||
| 040 | |a ABG001 |b cze |d OLA001 |e rda | ||
| 041 | 1 | |a cze |h eng | |
| 072 | 7 | |a 821.111(73)-3 |x Americká próza |2 Konspekt |9 25 | |
| 080 | |a 821.111(73)-31 |2 MRF | ||
| 080 | |a (0:82-312.5) |2 MRF | ||
| 080 | |a (0:82-993) |2 MRF | ||
| 100 | 1 | |a Rose, Shain |7 xx0340647 |4 aut |9 117037 | |
| 240 | 1 | 0 | |a Between never and forever. |l Česky |
| 245 | 1 | 0 | |a Mezi nikdy a navždy / |c Shain Rose ; z anglického originálu Between never and forever ... přeložila Zuzana Ľalíková |
| 250 | |a 1. vydání | ||
| 264 | 1 | |a Praha : |b Baronet, |c 2026 | |
| 300 | |a 428 stran ; |c 20 cm | ||
| 336 | |a text |b txt |2 rdacontent | ||
| 337 | |a bez média |b n |2 rdamedia | ||
| 338 | |a svazek |b nc |2 rdacarrier | ||
| 655 | 7 | |a americké romány |7 fd131796 |2 czenas |9 53403 | |
| 655 | 7 | |a milostné romány |7 fd132840 |2 czenas |9 53718 | |
| 655 | 7 | |a erotické romány |7 fd132211 |2 czenas |9 53580 | |
| 655 | 9 | |a American fiction |2 eczenas | |
| 655 | 9 | |a love novels |2 eczenas | |
| 655 | 9 | |a erotic novels |2 eczenas | |
| 700 | 1 | |a Ľalíková, Zuzana, |d 1987- |7 xx0144546 |4 trl |9 111339 | |
| 710 | 2 | |a Baronet (nakladatelství) |7 xx0220126 |4 pbl |9 117170 | |
| 787 | 0 | 8 | |i Z cyklu: |t Hardy Billionaire Brothers |g 3 |
| 910 | |a UOG502 | ||
| 942 | |2 ddc |c KN | ||
| 999 | |d 106492 | ||
| 993 | |0 0 |1 421180107212 |2 ddc |4 0 |7 0 |9 99936 |b 0 |c 107212 |d 2026-06-04 |e 0 |f DOSP |h 449.00 |i Koupě |l DOSP |r 2026-06-04 |t 6 |w 2026-06-04 |y KN |z BELET |n | ||